000 00616nab a2200169Ia 4500
003 ES-SlBCS
005 20210601124017.0
008 140529s2007 xxu||||| |||| 00| 0 eng d
041 _aeng
100 1 _aNeipp, Marie-Carmen
_9133488
245 0 0 _aControl beliefs in cancer: A literature review
_c Marie-Carmen Neipp, Sofia López-Roig, María de los Ángeles Pastor
650 0 4 _aCáncer-Revisión Sistemática
_9133489
700 1 _aPastor, María de los Ángeles
_9133490
773 0 _tAnuario de Psicologia
_gvol. 38, nº. 3, 2007, págs. 333-355
_wRev1509
700 1 _aLópez-Roig, Sofia
_9133491
942 _cAR
999 _c507757
_d507757